Word Ladder: Mystery Theme II Quiz Stats

 Plays Quiz Updated Apr 1, 2013

Challenge
Share
Tweet
Embed
Score 0/26 Timer 02:00
1 Play Today
Clue Word % Correct
A small object that holds papers togetherCLIP
96.1%
Wine bottle plugCORK
95.8%
Slightly hotWARM
93.9%
●Activity that earns a wage●●WORK●
92.7%
●Prepare food●●COOK●
91.6%
Sound made by a horse's hoofCLOP
89.9%
●Long slender invertebrate animal●●WORM●
89.5%
Disguise that covers the faceMASK
89.4%
●Turn over●●FLIP●
87.4%
Public area for recreationPARK
86.5%
Before the presentPAST
84.1%
A section of the wholePART
84%
●A message via cellphone●●TEXT●
82.9%
Clue Word % Correct
A nuisancePEST
80.4%
●Usually 365 days●●YEAR●
79.5%
●A target●●MARK●
79.1%
Evaluation of skill or knowledgeTEST
78.6%
Multiplayer option in videogamesCO-OP
78%
Close byNEAR
76.4%
Show concern for someoneCARE
76.1%
Immediately afterNEXT
75.7%
Organized and cleanNEAT
73.9%
Merchandise, goods or articlesWARE
72.3%
Barrel-like container used to hold liquidsCASK
59.3%
●A particular situation●●CASE●
56.4%
COMMON BOND TO ● WORDS *●BOOK●
18.1%

Today's Daily Dose

Missing Word
Entertainment 'L'

Word Ladder
Fingers

Quick Pick
When in Rome

On This Day
December 15th II

You're not logged in!

Compare scores with friends on all Sporcle quizzes.
OR
Log In

You Might Also Like...

Show Comments

Extras

Top Quizzes Today


Score Distribution

Your Account Isn't Verified!

In order to create a playlist on Sporcle, you need to verify the email address you used during registration. Go to your Sporcle Settings to finish the process.

Report this User

Report this user for behavior that violates our Community Guidelines.

Details: